Problemy prywatyzacji i restrukturalizacji przedsiebiorstw handlu zagranicznego.
Charakterizácia jednotiek zahraničného obchodu v Poľsku. Cesty privatizácie - kapitálové spoločenstvo a štátne podniky. Stratégia privatizácie jednotiek zahraničného obchodu. Reštrukturalizácia či privatizácia? Problém peňažného prebytku. Ocenenie majetku privatizovaných jednotiek. Metóda budúcich d...
Na minha lista:
| Autor principal: | |
|---|---|
| Formato: | Capítulo de Livro |
| Idioma: | polonês |
| Assuntos: | |
| Tags: |
Sem tags, seja o primeiro a adicionar uma tag!
|
MARC
| LEADER | 00000naa a2200000 4500 | ||
|---|---|---|---|
| 001 | r009135 | ||
| 005 | 20221125123158.6 | ||
| 041 | 0 | |a pol | |
| 044 | |a PL | ||
| 245 | 1 | 0 | |a Problemy prywatyzacji i restrukturalizacji przedsiebiorstw handlu zagranicznego. |c Z. Marciniak |
| 520 | |a Charakterizácia jednotiek zahraničného obchodu v Poľsku. Cesty privatizácie - kapitálové spoločenstvo a štátne podniky. Stratégia privatizácie jednotiek zahraničného obchodu. Reštrukturalizácia či privatizácia? Problém peňažného prebytku. Ocenenie majetku privatizovaných jednotiek. Metóda budúcich diskontných ziskov. Metóda PE ratio. | ||
| 610 | 2 | 0 | |a privatizácia |
| 610 | 2 | 0 | |a štruktúra podniku organizačná |
| 610 | 2 | 0 | |a reformy hospodárske |
| 610 | 2 | 0 | |a reorganizácia |
| 610 | 2 | 0 | |a Poľsko |
| 610 | 2 | 0 | |a organizácie obchodu zahraničného |
| 100 | 1 | |a Marciniak, Z. | |